[Event "ISL-chT1 1920"]
[Site "Reykjavik"]
[Date "2021.05.14"]
[Round "6.4"]
[White "Thorhallsson, Throstur"]
[Black "Sveinsson, Rikhardur"]
[Result "1-0"]
[WhiteElo "2406"]
[BlackElo "2118"]
[PlyCount "59"]
[EventDate "2019.10.03"]
[EventType "team-tourn"]
[EventRounds "9"]
[EventCountry "ISL"]
[SourceTitle "EXT 2022"]
[Source "ChessBase"]
[SourceDate "2021.10.06"]
[SourceVersion "1"]
[SourceVersionDate "2021.10.06"]
[SourceQuality "1"]
[WhiteTeam "Skakfelagidj Huginn"]
[BlackTeam "Taflfelag Reykjavikur II"]
[WhiteTeamCountry "ISL"]
[BlackTeamCountry "ISL"]

1. e4 d6 2. d4 g6 3. Nc3 Bg7 4. f4 c6 5. Nf3 Nf6 6. Bd3 0-0 7. 0-0 Bg4 8. h3 Bxf3 9. Qxf3 e5 10. dxe5 dxe5 11. f5 Nfd7 12. Be3 b5 13. a4 b4 14. Ne2 g5 15. Bc4 Bf6 16. Qh5 Qe7 17. Rf3 Kh8 18. Rg3 Nc5 19. Rg4 Nbd7 20. Ng3 Nb6 21. Bb3 Nxb3 22. cxb3 Rg8 23. Rc1 Rac8 24. Bc5 Qd7 25. Qh6 Qd8 26. Nh5 Bg7 27. Nxg7 Rxg7 28. Be7 Qd2 29. Bxg5 Qd4+ 30. Be3 1-0

[Event "ISL-chT 1314"]
[Site "Reykjavik"]
[Date "2013.10.11"]
[Round "2.4"]
[White "Kristjansson, Arni H"]
[Black "Sveinsson, Rikhardur"]
[Result "1/2-1/2"]
[WhiteElo "1951"]
[BlackElo "2127"]
[PlyCount "45"]
[EventDate "2013.10.10"]
[EventType "team-tourn"]
[EventRounds "9"]
[EventCountry "ISL"]
[SourceTitle "EXT 2014"]
[Source "ChessBase"]
[SourceDate "2013.11.20"]
[SourceVersion "1"]
[SourceVersionDate "2013.11.20"]
[SourceQuality "1"]
[WhiteTeam "Vinaskakfelagid"]
[BlackTeam "Reykjavik II"]
[WhiteTeamCountry "ISL"]
[BlackTeamCountry "ISL"]

1. e4 d6 2. Nc3 Nf6 3. f4 g6 4. Nf3 Bg7 5. Bc4 0-0 6. d3 c5 7. 0-0 Nc6 8. a3 a6 9. h3 b5 10. Ba2 Bb7 11. f5 Nd4 12. fxg6 hxg6 13. Be3 Nxf3+ 14. Qxf3 Qd7 15. Qg3 c4 16. dxc4 Nxe4 17. Nxe4 Bxe4 18. c3 bxc4 19. Bxc4 d5 20. Ba2 Rab8 21. Rf2 Qe6 22. Bd4 Bxd4 23. cxd4 1/2-1/2